LDR 00677naa#a2200181#i#450# 001 EN\\bibl\121556 005 20260428215450.2 011 ## _a2414-3995 100 ## _a20260422b2026####ek#y0engy0150####ca 102 ## _aRU 200 1# _aOn the permissibility of identifying the Constitution of the Russian Federation with the law _eJournal article 210 1# _aMoscow _cMoscow University of the Ministry of Internal Affairs of Russia named after V.Ya. Kikot _d2026 215 ## _a4 с. 608 ## _aJournal article _2local 675 ## _aПраво. Юридические науки. 34 _z 700 #1 _aMailyan _gSamvel Surenovich 700 #1 _aVasil'ev _gViktor Viktorovich 856 4# _amosumvd.editorum.ru _u